Регионална библиотека "Любен Каравелов" - Русе

Сердикийският събор (Запис номер 166208)

MARC детайли
000 -Лидер
Контролно поле с фиксирана дължина 01952nam a2200421 c 4500
003 - Код на организацията, давaща контролен номер
Контролно поле BLK
005 - Дата и час на последна редакция
Контролно поле 20220218175834.0
008 - Елементи от данни с фиксирана дължина
fixed length control field 180411b bul|||||r ||||||| ||bul||
010 ## - Наследен системен номер
LC control number KNG00173914000
020 ## - Международен стандартен номер на книга ISBN
Международен стандартен номер на книга ISBN 978-954-776-026-4
040 ## - Източник на каталожния запис
Идентификатор на билиотеката - собственик на записа BLK
041 ## - Код за език
Код за езика на текст/звукозапис или на отделно заглавие Български
Код за езика КДБФ Български
072 #7 - Код за тематичната категория
Код организация bullib
Код за тематична категория Н20
Текст Религия. Теология Н
080 ## - УДК
Текстов определител УДК Организация и управление на църквата. Църковна йерархия. Духовенство. Папство. Патриаршия. Вселенски събори. Църковни традиции
УДК код - определител по УДК 262
УДК - код + определител 262
080 ## - УДК
Текстов определител УДК Паметници на културата на историческите периоди. Археологическите паметници. Старини
УДК код - определител по УДК 904
УДК определител (497.223)
УДК - код + определител 904(497.223)
100 1# - Редна дума - Автор
Автор Вачкова, Веселина Кирилова
Авторска отговорност първи автор
R(LIN) 371734
139 ## - Редно поле
Редна дума Вачкова, Веселина Кирилова
Авторски знак Вач - В 31
245 10 - Сведения за заглавието
Заглавие Сердикийският събор
Подзаглавни данни 1670 години история и интерпретации
Редно поле (дума) Веселина Кирилова Вачкова.
257 ## - Страна на издаване
Страна на създаване/издаване България
260 ## - Област на издателските данни
Име на издателя, разпространителя и проч. Златен змей
Година на издаване 2013
Печатница София : Алианс принт
300 ## - Физическа характеристика
Страници 352 с.
Илюстрации и др. с ил., факс., к.
Размери/Мащаб 24 см
380 ## - Жанр
Жанр История
500 ## - Общи забележки
Забележка Библиогр.: с. 325-351
650 #4 - Допълнително описание по предмет – тема
Основно описание – тема или топоним Вселенски събори
9 (RLIN) 257152
650 #4 - Допълнително описание по предмет – тема
Основно описание – тема или топоним Църква - история
9 (RLIN) 249942
650 #4 - Допълнително описание по предмет – тема
Основно описание – тема или топоним София - старини
9 (RLIN) 260248
651 #4 - Допълнително описание по предмет - топоним
Географско понятие България
9 (RLIN) 241624
653 ## - Ключова дума – ненормативна
Ключова дума Вселенски събори
653 ## - Ключова дума – ненормативна
Ключова дума църковно дело
653 ## - Ключова дума – ненормативна
Ключова дума София
653 ## - Ключова дума – ненормативна
Ключова дума археологични находки
659 ## - Тематичен бюлетин
Тематичен бюлетин Н
852 ## - Местоположение
Форматна сигнатура Цб 273647
856 4# - Електронен адрес и достъп
Електронен формат pdf - файл
856 4# - Електронен адрес и достъп
Електронен формат pdf - файл
999 ## - СИСТЕМНИ КОНТРОЛНИ НОМЕРА
Koha biblionumber 166208
Koha biblioitemnumber 166208
942 ## - АРТИКУЛИ
Вид на библиотечния материал Книги
Скрит в OPAC Не
Koha issues (borrowed), all copies 4
Периодичен библиозапис Да
944 ## - СЪЗДАВАНЕ И РЕДАКЦИЯ на ЗАПИСА
Създаване/Редакция Създаване
Дата на регистрацията/редакция 08.04.2015
Служител, извършил регистрацията/редакцията Виолета_Тройчева
944 ## - СЪЗДАВАНЕ И РЕДАКЦИЯ на ЗАПИСА
Създаване/Редакция Редакция
Дата на регистрацията/редакция 10.08.2015
Служител, извършил регистрацията/редакцията Наталия_Медовщикова
999 ## - СИСТЕМНИ КОНТРОЛНИ НОМЕРА
Koha biblioitemnumber 166208
Наличности
Код за отписване Код за изгубен артикул Код за повреда Коз за рестрикции Код за отдаване Артикулен № Име на библиотеката - собственик Име на библиотеката, в която се намира в момента Статус (Текущо местоположение) Дата на вписване в системата Местоположение - отдел Цена в лева Инвентарен номер Систематично азбучна сигнатура Баркод Номер на екземпляра Цена в евро Служебна бележка Служебен тип на артикула Източник на класификационната схема
  Не е изгубен Не е повреден без рестрикции ползва се в читалня 280140 Регионална библиотека "Любен Каравелов" Русе Регионална библиотека "Любен Каравелов" Русе Хранилище 2015-04-14 Хранилище 23.00 120000787099 Цб 273647 120000787099 1 11.76 Дост: Dp Вид: Д N: 38 Дата: 28.08.2014 Книги  
  Не е изгубен Не е повреден без рестрикции заемане за дома 730331 Регионална библиотека "Любен Каравелов" Русе Регионална библиотека "Любен Каравелов" Русе Заемна - подръчен фонд 2019-07-15 Заемна - подръчен фонд 12.00   П 904/В 31 120000834067   6.14   Книги Universal Decimal Classification
Vip Innovations Ltd, Rousse, Bulgaria 2025